000 00451nam a2200193Ia 4500
003 IT-RoPAU
005 20220918175645.0
008 120407s9999 xx 000 0 und d
040 _aIT-RoPAU
040 _cIT-RoPAU
041 _aita
100 _aSocietà San Paolo
_914170
245 _aCalendario Paolino 1960
260 _c1959
_aRoma
_bPSSP
300 _c15,5 cm
_a320 pp.
490 _aEdizioni Paoline
942 _cBK
_2ddc
999 _c23738
_d23738